<?xml version="1.0" encoding="UTF-8"?>
<record
    xmlns:xsi="http://www.w3.org/2001/XMLSchema-instance"
    xsi:schemaLocation="http://www.loc.gov/MARC21/slim http://www.loc.gov/standards/marcxml/schema/MARC21slim.xsd"
    xmlns="http://www.loc.gov/MARC21/slim">

  <leader>00839    a2200193   4500</leader>
  <datafield tag="999" ind1=" " ind2=" ">
    <subfield code="c">532262</subfield>
    <subfield code="d">532262</subfield>
  </datafield>
  <controlfield tag="003">Nust</controlfield>
  <controlfield tag="005">20191114155336.0</controlfield>
  <datafield tag="038" ind1=" " ind2=" ">
    <subfield code="a">MSOHAIL</subfield>
  </datafield>
  <datafield tag="040" ind1=" " ind2=" ">
    <subfield code="c">Nust</subfield>
  </datafield>
  <datafield tag="082" ind1=" " ind2=" ">
    <subfield code="a">628.92</subfield>
  </datafield>
  <datafield tag="100" ind1=" " ind2=" ">
    <subfield code="a">National fire protection assosiation</subfield>
    <subfield code="9">25641</subfield>
  </datafield>
  <datafield tag="245" ind1=" " ind2=" ">
    <subfield code="a">National Fire Codes </subfield>
    <subfield code="c">\ Vol-1-16</subfield>
  </datafield>
  <datafield tag="250" ind1=" " ind2=" ">
    <subfield code="a">vol 1-16</subfield>
  </datafield>
  <datafield tag="260" ind1=" " ind2=" ">
    <subfield code="a">Quincy</subfield>
    <subfield code="b">National fire protection Association</subfield>
    <subfield code="c">1983</subfield>
  </datafield>
  <datafield tag="300" ind1=" " ind2=" ">
    <subfield code="a">p;737</subfield>
  </datafield>
  <datafield tag="505" ind1=" " ind2=" ">
    <subfield code="a">Forest Products, Outdoor Storage of (Page-46-1) Wood Chips Outdoor Storage of (Page-46A-1) Logs, Outdoor Storage of (Page-46B-1) Lumber Storage Yards Retail and Wholesale (Page-47-1) Zirconium, Fire and Explosion Prevention in Plants Producing and Handling (Page-482M-1) Hazardous Chemical Data (Page-49-1) Hazardous Chemical Reactions, Manual of (Page-491M-1)  </subfield>
  </datafield>
  <datafield tag="538" ind1=" " ind2=" ">
    <subfield code="a">Almirah No.42 Shelf No. 3</subfield>
  </datafield>
  <datafield tag="942" ind1=" " ind2=" ">
    <subfield code="2">ddc</subfield>
    <subfield code="c">BK</subfield>
  </datafield>
  <datafield tag="952" ind1=" " ind2=" ">
    <subfield code="0">0</subfield>
    <subfield code="1">0</subfield>
    <subfield code="2">ddc</subfield>
    <subfield code="4">0</subfield>
    <subfield code="7">0</subfield>
    <subfield code="a">NIT</subfield>
    <subfield code="b">NIT</subfield>
    <subfield code="d">2019-11-14</subfield>
    <subfield code="l">0</subfield>
    <subfield code="o">628.92</subfield>
    <subfield code="p">NIT-12185</subfield>
    <subfield code="r">2019-11-14</subfield>
    <subfield code="w">2019-11-14</subfield>
    <subfield code="y">BK</subfield>
  </datafield>
  <datafield tag="952" ind1=" " ind2=" ">
    <subfield code="0">0</subfield>
    <subfield code="1">0</subfield>
    <subfield code="2">ddc</subfield>
    <subfield code="4">0</subfield>
    <subfield code="7">0</subfield>
    <subfield code="a">NIT</subfield>
    <subfield code="b">NIT</subfield>
    <subfield code="d">2019-11-14</subfield>
    <subfield code="l">0</subfield>
    <subfield code="o">628.92</subfield>
    <subfield code="p">NIT-12186</subfield>
    <subfield code="r">2019-11-14</subfield>
    <subfield code="w">2019-11-14</subfield>
    <subfield code="y">BK</subfield>
  </datafield>
  <datafield tag="952" ind1=" " ind2=" ">
    <subfield code="0">0</subfield>
    <subfield code="1">0</subfield>
    <subfield code="2">ddc</subfield>
    <subfield code="4">0</subfield>
    <subfield code="7">0</subfield>
    <subfield code="a">NIT</subfield>
    <subfield code="b">NIT</subfield>
    <subfield code="d">2019-11-14</subfield>
    <subfield code="l">0</subfield>
    <subfield code="o">628.92</subfield>
    <subfield code="p">NIT-12187</subfield>
    <subfield code="r">2019-11-14</subfield>
    <subfield code="w">2019-11-14</subfield>
    <subfield code="y">BK</subfield>
  </datafield>
  <datafield tag="952" ind1=" " ind2=" ">
    <subfield code="0">0</subfield>
    <subfield code="1">0</subfield>
    <subfield code="2">ddc</subfield>
    <subfield code="4">0</subfield>
    <subfield code="7">0</subfield>
    <subfield code="a">NIT</subfield>
    <subfield code="b">NIT</subfield>
    <subfield code="d">2019-11-14</subfield>
    <subfield code="l">0</subfield>
    <subfield code="o">628.92</subfield>
    <subfield code="p">NIT-12188</subfield>
    <subfield code="r">2019-11-14</subfield>
    <subfield code="w">2019-11-14</subfield>
    <subfield code="y">BK</subfield>
  </datafield>
  <datafield tag="952" ind1=" " ind2=" ">
    <subfield code="0">0</subfield>
    <subfield code="1">0</subfield>
    <subfield code="2">ddc</subfield>
    <subfield code="4">0</subfield>
    <subfield code="7">0</subfield>
    <subfield code="a">NIT</subfield>
    <subfield code="b">NIT</subfield>
    <subfield code="d">2019-11-14</subfield>
    <subfield code="l">0</subfield>
    <subfield code="o">628.92</subfield>
    <subfield code="p">NIT-12189</subfield>
    <subfield code="r">2019-11-14</subfield>
    <subfield code="w">2019-11-14</subfield>
    <subfield code="y">BK</subfield>
  </datafield>
  <datafield tag="952" ind1=" " ind2=" ">
    <subfield code="0">0</subfield>
    <subfield code="1">0</subfield>
    <subfield code="2">ddc</subfield>
    <subfield code="4">0</subfield>
    <subfield code="7">0</subfield>
    <subfield code="a">NIT</subfield>
    <subfield code="b">NIT</subfield>
    <subfield code="d">2019-11-14</subfield>
    <subfield code="l">0</subfield>
    <subfield code="o">628.92</subfield>
    <subfield code="p">NIT-12190</subfield>
    <subfield code="r">2019-11-14</subfield>
    <subfield code="w">2019-11-14</subfield>
    <subfield code="y">BK</subfield>
  </datafield>
  <datafield tag="952" ind1=" " ind2=" ">
    <subfield code="0">0</subfield>
    <subfield code="1">0</subfield>
    <subfield code="2">ddc</subfield>
    <subfield code="4">0</subfield>
    <subfield code="7">0</subfield>
    <subfield code="a">NIT</subfield>
    <subfield code="b">NIT</subfield>
    <subfield code="d">2019-11-14</subfield>
    <subfield code="l">0</subfield>
    <subfield code="o">628.92</subfield>
    <subfield code="p">NIT-12191</subfield>
    <subfield code="r">2019-11-14</subfield>
    <subfield code="w">2019-11-14</subfield>
    <subfield code="y">BK</subfield>
  </datafield>
  <datafield tag="952" ind1=" " ind2=" ">
    <subfield code="0">0</subfield>
    <subfield code="1">0</subfield>
    <subfield code="2">ddc</subfield>
    <subfield code="4">0</subfield>
    <subfield code="7">0</subfield>
    <subfield code="a">NIT</subfield>
    <subfield code="b">NIT</subfield>
    <subfield code="d">2019-11-14</subfield>
    <subfield code="l">0</subfield>
    <subfield code="o">628.92</subfield>
    <subfield code="p">NIT-12192</subfield>
    <subfield code="r">2019-11-14</subfield>
    <subfield code="w">2019-11-14</subfield>
    <subfield code="y">BK</subfield>
  </datafield>
  <datafield tag="952" ind1=" " ind2=" ">
    <subfield code="0">0</subfield>
    <subfield code="1">0</subfield>
    <subfield code="2">ddc</subfield>
    <subfield code="4">0</subfield>
    <subfield code="7">0</subfield>
    <subfield code="a">NIT</subfield>
    <subfield code="b">NIT</subfield>
    <subfield code="d">2019-11-14</subfield>
    <subfield code="l">0</subfield>
    <subfield code="o">628.92</subfield>
    <subfield code="p">NIT-12193</subfield>
    <subfield code="r">2019-11-14</subfield>
    <subfield code="w">2019-11-14</subfield>
    <subfield code="y">BK</subfield>
  </datafield>
  <datafield tag="952" ind1=" " ind2=" ">
    <subfield code="0">0</subfield>
    <subfield code="1">0</subfield>
    <subfield code="2">ddc</subfield>
    <subfield code="4">0</subfield>
    <subfield code="7">0</subfield>
    <subfield code="a">NIT</subfield>
    <subfield code="b">NIT</subfield>
    <subfield code="d">2019-11-14</subfield>
    <subfield code="l">0</subfield>
    <subfield code="o">628.92</subfield>
    <subfield code="p">NIT-12194</subfield>
    <subfield code="r">2019-11-14</subfield>
    <subfield code="w">2019-11-14</subfield>
    <subfield code="y">BK</subfield>
  </datafield>
  <datafield tag="952" ind1=" " ind2=" ">
    <subfield code="0">0</subfield>
    <subfield code="1">0</subfield>
    <subfield code="2">ddc</subfield>
    <subfield code="4">0</subfield>
    <subfield code="7">0</subfield>
    <subfield code="a">NIT</subfield>
    <subfield code="b">NIT</subfield>
    <subfield code="d">2019-11-14</subfield>
    <subfield code="l">0</subfield>
    <subfield code="o">628.92</subfield>
    <subfield code="p">NIT-12195</subfield>
    <subfield code="r">2019-11-14</subfield>
    <subfield code="w">2019-11-14</subfield>
    <subfield code="y">BK</subfield>
  </datafield>
  <datafield tag="952" ind1=" " ind2=" ">
    <subfield code="0">0</subfield>
    <subfield code="1">0</subfield>
    <subfield code="2">ddc</subfield>
    <subfield code="4">0</subfield>
    <subfield code="7">0</subfield>
    <subfield code="a">NIT</subfield>
    <subfield code="b">NIT</subfield>
    <subfield code="d">2019-11-14</subfield>
    <subfield code="l">0</subfield>
    <subfield code="o">628.92</subfield>
    <subfield code="p">NIT-12196</subfield>
    <subfield code="r">2019-11-14</subfield>
    <subfield code="w">2019-11-14</subfield>
    <subfield code="y">BK</subfield>
  </datafield>
  <datafield tag="952" ind1=" " ind2=" ">
    <subfield code="0">0</subfield>
    <subfield code="1">0</subfield>
    <subfield code="2">ddc</subfield>
    <subfield code="4">0</subfield>
    <subfield code="7">0</subfield>
    <subfield code="a">NIT</subfield>
    <subfield code="b">NIT</subfield>
    <subfield code="d">2019-11-14</subfield>
    <subfield code="l">0</subfield>
    <subfield code="o">628.92</subfield>
    <subfield code="p">NIT-12197</subfield>
    <subfield code="r">2019-11-14</subfield>
    <subfield code="w">2019-11-14</subfield>
    <subfield code="y">BK</subfield>
  </datafield>
  <datafield tag="952" ind1=" " ind2=" ">
    <subfield code="0">0</subfield>
    <subfield code="1">0</subfield>
    <subfield code="2">ddc</subfield>
    <subfield code="4">0</subfield>
    <subfield code="7">0</subfield>
    <subfield code="a">NIT</subfield>
    <subfield code="b">NIT</subfield>
    <subfield code="d">2019-11-14</subfield>
    <subfield code="l">0</subfield>
    <subfield code="o">628.92</subfield>
    <subfield code="p">NIT-12198</subfield>
    <subfield code="r">2019-11-14</subfield>
    <subfield code="w">2019-11-14</subfield>
    <subfield code="y">BK</subfield>
  </datafield>
  <datafield tag="952" ind1=" " ind2=" ">
    <subfield code="0">0</subfield>
    <subfield code="1">0</subfield>
    <subfield code="2">ddc</subfield>
    <subfield code="4">0</subfield>
    <subfield code="7">0</subfield>
    <subfield code="a">NIT</subfield>
    <subfield code="b">NIT</subfield>
    <subfield code="d">2019-11-14</subfield>
    <subfield code="l">0</subfield>
    <subfield code="o">628.92</subfield>
    <subfield code="p">NIT-12199</subfield>
    <subfield code="r">2019-11-14</subfield>
    <subfield code="w">2019-11-14</subfield>
    <subfield code="y">BK</subfield>
  </datafield>
  <datafield tag="952" ind1=" " ind2=" ">
    <subfield code="0">0</subfield>
    <subfield code="1">0</subfield>
    <subfield code="2">ddc</subfield>
    <subfield code="4">0</subfield>
    <subfield code="7">0</subfield>
    <subfield code="a">NIT</subfield>
    <subfield code="b">NIT</subfield>
    <subfield code="d">2019-11-14</subfield>
    <subfield code="l">0</subfield>
    <subfield code="o">628.92</subfield>
    <subfield code="p">NIT-12200</subfield>
    <subfield code="r">2019-11-14</subfield>
    <subfield code="w">2019-11-14</subfield>
    <subfield code="y">BK</subfield>
  </datafield>
</record>
